000 01444nam a2200241 a 4500
001 ASIN0073527165
005 20170105102903.0
008 131021s2005 xxu eng d
020 _a0073527165 (paperback)
020 _a9780073527161 (paperback)
040 _a0
082 _2909.82
100 1 _aRourke, John T.
245 1 0 _aTaking sides :
_bclashing views on controversial issues in world politics /
_cJohn T. Rourke.
250 _a12th ed.
260 _a[S.l.] :
_bMcGraw-Hill/Dushkin,
_c2005.
300 _a368 p. ;
_c23 cm.
490 1 _aTaking sides: world politics.
520 _aThis twelfth edition of TAKING SIDES: WORLD POLITICS presents current controversial issues in a debate-style format designed to stimulate student interest and develop critical thinking skills. Each issue is thoughtfully framed with an issue summary, an issue introduction, and a postscript. An instructor’s manual with testing material is available for each volume. USING TAKING SIDES IN THE CLASSROOM is also an excellent instructor resource with practical suggestions on incorporating this effective approach in the classroom. Each TAKING SIDES reader features an annotated listing of selected World Wide Web sites and is supported by our student website, www.dushkin.com/online.
830 0 _aTaking sides: world politics.
856 4 0 _3Amazon.com
_uhttp://www.amazon.com/exec/obidos/ASIN/0073527165/chopaconline-20
942 _2ddc
_cBK
999 _c14720
_d14720